000 00387 a2200157 4500
001 58538
020 _a
040 _cAnchieta - Pituba
100 _aMachado, Aníbal
240 1 0 _aA morte da porta-estandarte e outras histórias
_lpor
245 1 0 _aA morte da porta-estandarte e outras histórias
300 _a248
362 0 _a1971
650 4 _aFicção brasileira
942 _cBK
999 _c58538
_d58538